Einleitung in die algebra und die theorie der algebraischen gleichungen

Αποθηκεύτηκε σε:
Λεπτομέρειες βιβλιογραφικής εγγραφής
Κύριος συγγραφέας: Nevanlinna, F. (Frithiof), 1894-1977
Μορφή: Βιβλίο
Γλώσσα:German
Δημοσίευση: Basel : Birkhauser Verlag, 1965
Σειρά:Lehrbucher und Monographien aus dem Gebiete der exakten Wissenschaften. Mathematische Reihe ; ; 29
Θέματα:
Ετικέτες: Προσθήκη ετικέτας
Δεν υπάρχουν, Καταχωρήστε ετικέτα πρώτοι!

MARC

LEADER 00000cam a2200000 i 4500
001 1/11463
008 101223s1965 ger d
035 |l 10109420 
040 |a GR-MY-UA  |b gre  |e aacr 
041 0 |a ger 
082 0 |a 512  |2 (22) 
100 1 |a Nevanlinna, F.   |q (Frithiof),   |d 1894-1977. 
245 1 0 |a Einleitung in die algebra und die theorie der algebraischen gleichungen /  |c F. Nevanlinna 
260 |a Basel :   |b Birkhauser Verlag,   |c 1965 
300 |a 218 σ.;  |c 25 εκ. 
490 1 |a Lehrbucher und Monographien aus dem Gebiete der exakten Wissenschaften  |v ; 29 
650 0 0 |a Algebra. 
830 0 |a Lehrbucher und Monographien aus dem Gebiete der exakten Wissenschaften. Mathematische Reihe ;  |v ; 29 
852 |a INST  |b SAMOS  |c MAG  |e 20101223  |h 512 NEV  |p 005300030549  |q 005300030549  |t BK  |y 0 
901 |a BIBL3-2010-3 
909 |a Σ  |b 161885 
970 |a ΓΟΥΒΑΛΑ  |b ΒΑΣΩ  |z 2010/12/23